000 00494nam a2200181Ia 4500
001 7836
005 20260306160524.0
008 260306t2011||||xx |||||||||||||| ||spa||
041 _aESP
082 _a362.7
_bT88
100 _aTuñon, Ianina (coord.)
_eAUT
245 0 _aSituación de la infancia a inicios del bicentenario:
_bun enfoque multidimensional y de derechos
260 _c2011
300 _a255 páginas :
_c27 cm.
650 _aGEN
654 _aCED
942 _cLIB
_dJUS
_fJUS
_2ddc
_n
999 _c7836
_d7836